000 00657nam a2200277Ia 4500
005 20260324140208.0
008 008 260324s9999 xx 000 0 eng d
020 _a9780203500873
037 _aEBOOK
040 _aCRL
040 _beng
040 _cCRL
041 _2eng
041 _aeng
084 _qCRL
100 _aJohn Haldon
_9872454
245 0 _aWarfare, State And Society In The Byzantine World 565-1204
260 _bTaylor and Francis
260 _c1999
365 _a
365 _b230
856 _uhttp://www.taylorfrancis.com/books/9780203500873
942 _cEBOOK
999 _c1805291
_d1805291